000 00649nam a2200253Ia 4500
003 OSt
005 20220924121113.0
006 a|||||r|||| 00| 0
007 ta
008 220923b |||||||| |||| 00| 0 san d
020 _a0566035049
024 _a6694
037 _cTextual
040 _aARTS
_cARTS
_bsan
041 _2san
_asan
082 _a2:97, M6
100 _aCook Michael
_923639
245 0 _aManagenment of information from archives
260 _aEngland
_bGower
_c1986
300 _aix,234p
_ccm.
650 _aLIBRARY SCIENCE
942 _h2:97, M6
_cTEXL
_2CC
999 _c405881
_d405881